Statistics for New Zealand Rugby Players to have played over 300 First Class Games

Click here to take the quiz!

General Stats

  • This quiz has been taken 698 times
    (211 since last reset)
  • The average score is 11 of 22

Answer Stats

GamesYears ActivePlayer% Correct
3342000-2015Richard McCaw
92%
3212008-2021Aaron Smith
78%
3611955-1974Colin Meads
75%
3842000-2015Keven Mealamu
74%
3412005-2020Kieran Read
73%
3482002-2021Ma'a Nonu
67%
3252008-2021Samuel Whitelock
64%
3752006-2019Wyatt Crockett
61%
3461983-1997Sean Fitzpatrick
60%
3312000-2015Tony Woodcock
50%
3462003-2021Liam Messam
42%
3291994-2011Tana Umaga
41%
3111985-1997Zinzan Brooke
40%
3031982-1995Grant Fox
37%
3111999-2016Andrew Hore
33%
3271971-1986Andy Haden
33%
3131979-1995Gary Whetton
32%
3262000-2016Jimmy Cowan
29%
3061996-2008Caleb Ralph
27%
3211980-1997Richard Loe
27%
3001993-2007Anton Oliver
25%
3101958-1978Fergie McCormick
24%

Score Distribution

Percentile by Number Answered

Percent of People with Each Score

Your Score History

You have not taken this quiz since the last reset